|
|
|
|
| LEADER |
01941nam a2200529 4500 |
| 001 |
ocn839305259 |
| 003 |
OCoLC |
| 005 |
20170124070629.1 |
| 006 |
m o d |
| 007 |
cr cnu---unuuu |
| 008 |
130415s2011 enka ob 001 0 eng d |
| 040 |
|
|
|a N$T
|b eng
|e pn
|c N$T
|d DG1
|d YDXCP
|d OCLCF
|d OCLCQ
|d DEBBG
|d OCLCQ
|d GrThAP
|
| 020 |
|
|
|a 9781118616932
|q (electronic bk.)
|
| 020 |
|
|
|a 1118616936
|q (electronic bk.)
|
| 020 |
|
|
|a 9781118616840
|q (electronic bk.)
|
| 020 |
|
|
|a 1118616847
|q (electronic bk.)
|
| 020 |
|
|
|z 9781848212879
|
| 020 |
|
|
|z 1848212879
|
| 029 |
1 |
|
|a CHBIS
|b 010026712
|
| 029 |
1 |
|
|a CHVBK
|b 306234173
|
| 029 |
1 |
|
|a DEBBG
|b BV043395730
|
| 029 |
1 |
|
|a NZ1
|b 15915335
|
| 035 |
|
|
|a (OCoLC)839305259
|
| 050 |
|
4 |
|a TN665
|b .V54 2011eb
|
| 072 |
|
7 |
|a TEC
|x 023000
|2 bisacsh
|
| 082 |
0 |
4 |
|a 669.028
|2 22
|
| 049 |
|
|
|a MAIN
|
| 100 |
1 |
|
|a Vignes, Alain.
|
| 245 |
1 |
0 |
|a Extractive metallurgy.
|n 2,
|p Metallurgical reaction processes /
|c Alain Vignes.
|
| 246 |
3 |
0 |
|a Metallurgical reaction processes
|
| 264 |
|
1 |
|a London :
|b ISTE ;
|c 2011.
|
| 264 |
|
1 |
|a Hoboken, NJ :
|b Wiley,
|c 2011.
|
| 300 |
|
|
|a 1 online resource (xvi, 347 pages) :
|b illustrations
|
| 336 |
|
|
|a text
|b txt
|2 rdacontent
|
| 337 |
|
|
|a computer
|b c
|2 rdamedia
|
| 338 |
|
|
|a online resource
|b cr
|2 rdacarrier
|
| 504 |
|
|
|a Includes bibliographical references and index.
|
| 588 |
0 |
|
|a Print version record.
|
| 650 |
|
0 |
|a Metallurgy.
|
| 650 |
|
0 |
|a Extraction (Chemistry)
|
| 650 |
|
7 |
|a TECHNOLOGY & ENGINEERING
|x Metallurgy.
|2 bisacsh
|
| 650 |
|
7 |
|a Extraction (Chemistry)
|2 fast
|0 (OCoLC)fst00919005
|
| 650 |
|
7 |
|a Metallurgy.
|2 fast
|0 (OCoLC)fst01018005
|
| 655 |
|
4 |
|a Electronic books.
|
| 776 |
0 |
8 |
|i Print version:
|a Vignes, Alain.
|t Extractive metallurgy. 2, Metallurgical reaction processes.
|d London : ISTE ; Hoboken, NJ : Wiley, 2011
|z 9781848212879
|w (OCoLC)793325990
|
| 856 |
4 |
0 |
|u https://doi.org/10.1002/9781118616932
|z Full Text via HEAL-Link
|
| 994 |
|
|
|a 92
|b DG1
|